Villes célèbres mal orthographiées #2 - Statistiques

Statistiques générales
  • Ce quiz a été pris 137 fois
  • Le résultat moyen est 8 sur 10
Statistiques - réponses
Villes mal orthographiées Ville sans fautes d’orthographe % Correct
Cazablenkah Casablanca
98%
Staukolhm Stockholm
98%
Tauronteau Toronto
98%
Elzinquii Helsinki
93%
Reinse Reims
93%
Chiquehagau Chicago
90%
Raiykgavik Reykjavik
76%
Eauklande Auckland
72%
Mealen Milan
68%
Cviyye Séville
48%
Aucun quiz correspondant
Distribution des résultats
% des personnes avec chaque résultat
Percentile par nombre de réponses
Votre historique - résultats
Vous n’avez pas pris ce quiz